LEADER 00756nam a2200193 i 4500 001 000000254484 003 CaOOAMICUS 005 20170607000000.0 008 170607s1849 it u000 u fre u 013 $a233389 040 $aSeMil$bita 245 10$aTome 1. 300 $a283 p. 773 0 $aCapefigue, Jean Baptiste Honoré Raymond <1801-1872>$tSociété et les gouvernements de l'Europe depuis la chute de Louis-Philippe jusq'a la présidence de Louis-Napoléon Bonaparte.$dBruxelles : Société typographique belge, 1849.$g1$w()33753 850 $aSeMil 852 $aSeMil$W1$xVenegono$y1$m3V I 247 FA$j204830$B204830$CSeMilBibl$Z2$F218362 $8I 941 1 $a10 961 $aRecupero: Mantegazza 996 $6245$aTome 1$9(OLS)http://semarc/title/1447 LEADER 00593naa a2200145 i 4500 001 000000299095 003 CaOOAMICUS 005 20180831172637.0 008 180831n xx u000 u und u 013 $a6734 040 $aSeMil$bita 100 1 $aDi Nicola, Giulia Paola,$d<1949- >.$0(OLS)http://semarc/name/7252 245 10$aStoria delle relazioni uomo-donna. 773 0 $aBlangiardo, Gian Carlo$tStagioni della famiglia.$dCinisello Balsamo : San Paolo, copyr. 1994.$kFamiglia nel mondo contemporaneo$z88-215-2857-X$w()69356 996 $6245$aStoria delle relazioni uomo-donna$9(OLS)http://semarc/title/375118